Statistiken für Wo liegt diese Stadt - einfach

Klicken Sie hier um das Quiz zu spielen!

Allgemein

  • Dieses Quiz wurde 356 mal gespielt
    (340 seit der letzten Aktualisierung)
  • Das Durchschnittsergebnis liegt bei 18 aus 20

Antwortstatistiken

HintAntwort% Korrekt
St PetersburgRussland
98%
IstanbulTürkei
98%
RotterdamNiederlande
97%
AtlantaVereinigte Staaten
97%
VancouverKanada
94%
KrakauPolen
93%
GöteborgSchweden
93%
HavanaKuba
92%
GlasgowVereinigtes Königreich
92%
Tel AvivIsrael
89%
VeronaItalien
88%
OsakaJapan
88%
AucklandNeuseeland
88%
ReimsFrankreich
87%
DonezkUkraine
84%
NairobiKenia
82%
Ho Chi Minh StadtVietnam
82%
AlexandriaÄgypten
81%
PretoriaSüdafrika
80%
KolkataIndien
67%

Verteilung der Resultate

Perzentil nach korrekt beantworteten Fragen

Anzahl Personen mit jedem Resultat

Ihre Resultats-Entwicklung

Sie haben dieses Quiz seit der letzten Aktualisierung nicht gespielt